| 000 | 01400nam0a22003011 4500 | ||
|---|---|---|---|
| 001 | rc\3553614 | ||
| 005 | 20260407020821.0 | ||
| 021 |
_aRU _b[69-62075] |
||
| 035 | _a(NLR Aleph) 007676147 | ||
| 090 |
_a6487904 _c6487904 |
||
| 100 | _a20130115d1969 |||y0rusy50 ca | ||
| 101 | 0 | _arus | |
| 102 | _aRU | ||
| 105 | _aa z ||||| | ||
| 200 | 1 |
_aВопросы геологии, нефтеносности и методики поисково-разведочных работ в Татарии _e[Сборник статей _fНауч. ред. канд. геол.-минерал. наук А.М. Мельников] _gОбъединение "Татнефть" |
|
| 210 |
_aАльметьевск _cЦентр. науч.-исслед. лаборатория _d1969 |
||
| 215 |
_a126 с. _cсхем. _d20 |
||
| 225 | 1 | _aК 30-летию треста "Татнефтегазразведка" | |
| 320 | _aБиблиогр. в конце статей | ||
| 606 |
_aНефтеносные районы _yТатарская АССР _2psbo |
||
| 606 |
_aГеология _yТатарская АССР _2psbo |
||
| 702 | 1 |
_aМельников _bА.М. _4340 |
|
| 712 | 0 | 2 |
_a"Татнефть", объединение им. В. Д. Шашина _cБугульма _3RU\NLR\AUTH\8810005685 _9508769 |
| 801 | 0 |
_aRU _bNLR _gpsbo |
|
| 801 | 1 |
_aRU _bELAR _2rusmarc |
|
| 852 |
_aNLR _j69-3/5624 |
||
| 942 | _cBOOK | ||
| 980 | _aNB | ||